Crecimiento y desarrollo (Registro nro. 4001)

Detalles MARC
000 -LEADER
fixed length control field 01075 a2200253 4500
001 - CONTROL NUMBER
control field 45781
005 - DATE AND TIME OF LATEST TRANSACTION
control field 20260407155729.0
008 - FIXED-LENGTH DATA ELEMENTS--GENERAL INFORMATION
fixed length control field 260407a1988 arg spa d
003 - CONTROL NUMBER IDENTIFIER
control field AR-UNSa-BCEJYS
040 ## - CATALOGING SOURCE
Original cataloging agency AR-UNSa-BCEJYS
Language of cataloging spa
Transcribing agency AR-UNSa-BCEJYS
080 ## - UNIVERSAL DECIMAL CLASSIFICATION NUMBER
Universal Decimal Classification number 330.35
Common auxiliary subdivision Crecimiento económico
020 ## - INTERNATIONAL STANDARD BOOK NUMBER
International Standard Book Number 84-281-0627-4
041 ## - LANGUAGE CODE
Language code of text/sound track or separate title spa
100 1# - MAIN ENTRY--PERSONAL NAME
Personal name Riera R., Jaime
245 10 - TITLE STATEMENT
Title Crecimiento y desarrollo
264 #1 - PRODUCTION, PUBLICATION, DISTRIBUTION, MANUFACTURE, AND COPYRIGHT NOTICE
Place of production, publication, distribution, manufacture Barcelona :
Name of producer, publisher, distributor, manufacturer Oikos-tau
Date of production, publication, distribution, manufacture, or copyright notice 1988
300 ## - PHYSICAL DESCRIPTION
Extent 43 p.
Dimensions 17 cm.
505 ## - FORMATTED CONTENTS NOTE
Formatted contents note 1. La utilización de los conceptos de crecimiento y desarrollo – 2. Evolución, crecimiento y desarrollo – 3. Historia y evolución del pensamiento económico – 4. Crecimiento, desarrollo e historia económica – 5. La escuela de los <<Annales>> - 6. Hacia la superación de los conceptos de crecimiento y desarrollo.
590 ## - LOCAL NOTE (RLIN)
Local note niveau_biblio:m niveau_hierar:0
700 1# - ADDED ENTRY--PERSONAL NAME
Personal name Carmagnani, Marcello
700 1# - ADDED ENTRY--PERSONAL NAME
Personal name Fernández, Luis Ángel
856 41 - ELECTRONIC LOCATION AND ACCESS
Uniform Resource Identifier <a href="https://www.biblioeco.unsa.edu.ar/pmb/images/libros/L127184.jpg">https://www.biblioeco.unsa.edu.ar/pmb/images/libros/L127184.jpg</a>
Link text Imagen de portada
Electronic format type image/jpeg
942 ## - ADDED ENTRY ELEMENTS (KOHA)
Koha item type
Existencias
Withdrawn status Lost status Damaged status Not for loan Home library Current library Shelving location Date acquired Total checkouts Full call number Barcode Date last seen Price effective from Koha item type
        Biblioteca Prof. Eusebio Cleto del Rey Biblioteca Prof. Eusebio Cleto del Rey   07/04/2026   330.35 C287 L127184 07/04/2026 07/04/2026 Libro